| 000 | 01015nam a22002417a 4500 | ||
|---|---|---|---|
| 999 |
_c12397 _d12397 |
||
| 003 | AR-CdUCM | ||
| 008 | 190408b ||||| |||| 00| 0 spa d | ||
| 040 |
_aMUNICIPALIDAD PROVINCIAL DEL CUSCO _cBIBLIOTECA MUNICIPAL DEL CUSCO |
||
| 082 |
_a370 / _bAR68 /1905 |
||
| 100 |
_aArdigó, Roberto _930230 |
||
| 245 | _aLa ciencia de la educación / | ||
| 260 |
_aBarcelona : _bHenrich y compañia, _c1905. |
||
| 300 |
_a135 páginas ; _c15 cm. |
||
| 440 |
_aBiblioteca sociológica internacional _926726 |
||
| 505 | _aContenido : t.1: Actividad en general -- Constitución de organismos animal y fenómenos fundamentales que no nos muestran -- Los efectos del ejercicio -- Los efectos del ejercicio de la voluntad -- Los efectos especiales del ejercicio en el organismo psíquico-cerebral ... | ||
| 650 |
_aCiencia _92098 |
||
| 650 |
_aEducación _9460 |
||
| 650 |
_aSociales _928612 |
||
| 700 |
_aRío Urruti, José Del _930231 |
||
| 700 |
_aFernando _930232 |
||
| 942 |
_2ddc _cLIBROS |
||
| 945 |
_adavv _d08/05/2019 |
||